| 000 | 00000nam##2200000za#4500 |
| 001 | 9.695831 |
| 003 | CaOODSP |
| 005 | 20210624234744 |
| 007 | cr ||||||||||| |
| 008 | 150407|1991||||xxc|||||o f|0| 0 eng|d |
| 040 | |aCaOODSP|beng |
| 043 | |an-cn--- |
| 086 | 1 |aH42-2/51-1991E-PDF |
| 110 | 1 |aCanada.|bHealth and Welfare Canada. |bHealth Protection Branch. |
| 245 | 10|aAnti-retroviral treatment : |h[electronic resource]|bside effect management : report / |cby Anita Rachlis. |
| 260 | |aOttawa - Ontario : |bHealth and Welfare Canada. |cOctober 1991. |
| 300 | |a24p.|bfig., references, table |
| 500 | |aThe catalogue number (H42-2/51-1991) and ISBN (0-662-58266-7) for the print edition has been incorrectly copied in this electronic publication. |
| 590 | |a12-17-Supp|b2012-04-20 |
| 690 | 07|aViruses|2gcpds |
| 690 | 07|aHealth protection|2gcpds |
| 720 | 1 |aRachlis, Anita |
| 775 | 08|tTraitement des effets secondaires de la thérapeutique antirétrovirale : |w(CaOODSP)9.639928 |
| 776 | 0#|tAnti-retroviral treatment: side effect management / |w(CaOODSP)9.652881 |
| 776 | 0#|tTraitement des effets secondaires de la thérapeutique antirétrovirale / |w(CaOODSP)9.652882 |
| 856 | 40|ahttp://publications.gc.ca|qPDF|s69 KB|uhttps://publications.gc.ca/collections/Collection/H42-2-51-1991E.pdf |